Barrages, engineering design & environmental impacts : (Record no. 547856)

000 -LEADER
fixed length control field 01101cam a2200241 a 4500
020 ## - INTERNATIONAL STANDARD BOOK NUMBER
International Standard Book Number 0471968579
082 00 - DEWEY DECIMAL CLASSIFICATION NUMBER
Classification number 627.123
Author Mark BUR
-- L-NUST, P-23
100 ## - MAIN ENTRY--PERSONAL NAME
Personal name Burt, N
9 (RLIN) 43998
245 00 - TITLE STATEMENT
Title Barrages, engineering design & environmental impacts :
Remainder of title international conference, 10-13 September 1996, Cardiff, UK /
Statement of responsibility, etc. edited by Neville Burt and Jacqueline Watts.
260 ## - PUBLICATION, DISTRIBUTION, ETC.
Place of publication, distribution, etc. Chichester ;
-- New York :
Name of publisher, distributor, etc. Wiley,
Date of publication, distribution, etc. 1996.
300 ## - PHYSICAL DESCRIPTION
Extent xi, 504 p. :
Other physical details ill. ;
Dimensions 25 cm.
500 ## - GENERAL NOTE
General note "International Conference on Barrages: Engineering Design & Environmental Impacts, 10-13 September 1996, Cardiff, UK"--P. v.
526 ## - STUDY PROGRAM INFORMATION NOTE
Program name 0
Interest level 0
Reading level 0
Title point value 627_123000000000000_BUR
650 #0 - SUBJECT ADDED ENTRY--TOPICAL TERM
Topical term or geographic name entry element Barrages
General subdivision Design and construction
-- Congresses.
9 (RLIN) 43999
650 #0 - SUBJECT ADDED ENTRY--TOPICAL TERM
Topical term or geographic name entry element Barrages
General subdivision Environmental aspects
Geographic subdivision Congresses.
9 (RLIN) 44000
650 #0 - SUBJECT ADDED ENTRY--TOPICAL TERM
Topical term or geographic name entry element Barrages
Geographic subdivision Wales
-- Cardiff
General subdivision Congresses.
9 (RLIN) 44001
650 #0 - SUBJECT ADDED ENTRY--TOPICAL TERM
Topical term or geographic name entry element MCE
9 (RLIN) 379
700 1# - ADDED ENTRY--PERSONAL NAME
Personal name Burt, Neville.
9 (RLIN) 44002
700 1# - ADDED ENTRY--PERSONAL NAME
Personal name Watts, Jacqueline.
9 (RLIN) 44003
856 4# - ELECTRONIC LOCATION AND ACCESS
Uniform Resource Identifier <a href="http://www.loc.gov/catdir/toc/onix04/96218095.html">http://www.loc.gov/catdir/toc/onix04/96218095.html</a>
856 42 - ELECTRONIC LOCATION AND ACCESS
Uniform Resource Identifier <a href="http://www.loc.gov/catdir/description/wiley033/96218095.html">http://www.loc.gov/catdir/description/wiley033/96218095.html</a>
942 ## - ADDED ENTRY ELEMENTS (KOHA)
Source of classification or shelving scheme
Koha item type Book
Holdings
Withdrawn status Lost status Source of classification or shelving scheme Damaged status Not for loan Permanent Location Current Location Date acquired Total Checkouts Full call number Barcode Date last seen Price effective from Koha item type
          Military College of Engineering (MCE) Military College of Engineering (MCE) 08/08/2014   627.123 BUR MCE-44147 08/08/2014 08/08/2014 Book
© 2023 Central Library, National University of Sciences and Technology. All Rights Reserved.